000 00556nam a2200193Ia 4500
008 191130s2009##################000#0#eng##
020 _a9781844079629
040 _aACL
_cACL
082 _a338 TUR
100 _aTurner, R Kerry
245 _aWetlands : market and intervention failures : four case studies
_cR Kerry Turner; Tom Jones
260 _aLondon
_bEarthscan
_c2009
300 _a202 p. ; 24 cm
650 _aProduction Economics
700 _aJones, Tom
990 _a67600ca9ac10000c5a8ea9d2c171f145
991 _a181594
999 _c93973
_d93973